国大セミナー全校舎 - Statistics

General Stats
  • This quiz has been taken 6 times
  • The average score is 41 of 103
Answer Stats
Hint Answer % Correct
練馬
100%
飯能市 飯能
100%
八潮市 八潮
100%
和光市 和光
100%
蕨市
100%
茨城県 古河市 古河
100%
栃木県 宇都宮市 宇都宮
100%
小山市 小山
100%
志村坂上
75%
北区 赤羽
75%
三鷹市 三鷹
75%
朝霞市 朝霞
75%
朝霞台
75%
伊奈町 伊奈
75%
川口市 川口
75%
西川口
75%
久喜市 久喜
75%
鴻巣市 鴻巣
75%
北鴻巣
75%
さいたま市岩槻区 岩槻
75%
浦和
75%
南浦和
75%
東大宮
75%
白岡市 白岡
75%
新白岡
75%
杉戸町 杉戸
75%
草加
75%
鶴ヶ島市 鶴ヶ島
75%
所沢市 所沢
75%
戸田市 戸田
75%
志木市 志木
75%
蓮田市 蓮田
75%
神奈川県 横浜市青葉区 青葉台
75%
成増
50%
小平市 花小金井
50%
中村橋
50%
富士見台
50%
埼玉県 上尾市 上尾
50%
北上尾
50%
南鳩ヶ谷
50%
北本市 北本
50%
越谷市 せんげん台
50%
越谷レイクタウン
50%
与野
50%
浦和美園
50%
東浦和
50%
草加市 新田
50%
富士見市 みずほ台
50%
ふじみ野
50%
吉川市 吉川美南
50%
船橋市 西船橋
50%
吹田
50%
東京都 板橋区 板橋本町
25%
上板橋
25%
東武練馬
25%
江戸川区 西葛西
25%
王子神谷
25%
川口西口
25%
川口戸塚
25%
前川
25%
浦和東口
25%
さいたま市大宮区 大宮西口
25%
中浦和
25%
三室
25%
さいたま市南区 浦和南
25%
武蔵浦和
25%
大和田
25%
七里
25%
戸田南
25%
新座
25%
千葉県 市川市 妙典
25%
松戸市 みのり台
25%
大田区 雑色
0%
西糀谷
0%
世田谷区 世田谷
0%
練馬区 大泉学園通り
0%
練馬春日
0%
西上尾
0%
川越本部
0%
行田市 行田市駅
0%
東鷲宮
0%
東越谷
0%
さいたま市浦和区 北浦和本部
0%
北浦和西口
0%
三橋
0%
さいたま市桜区 埼大通り
0%
さいたま市中央区 与野西口
0%
新都心
0%
さいたま市緑区 浦和中尾
0%
日の出通り
0%
さいたま市見沼区 アーバンみらい
0%
片柳
0%
戸田市 喜沢通り
0%
みずほ台西口
0%
本中山
0%
藤が丘
0%
愛知県 名古屋市名東区 名東本部
0%
西山本通
0%
大阪府 吹田市 江坂豊津
0%
千里山
0%
千里丘
0%
豊中市 豊中上野
0%
箕面市 箕面萱野
0%
No matching quizzes found
Score Distribution
Percent of People with Each Score
Percentile by Number Answered
Your Score History
You have not taken this quiz